Statistics for Scottish Firths

Click here to take the quiz!

General Stats

  • This quiz has been taken 19 times
  • The average score is 8 of 29

Answer Stats

CoastClueAnswer% Correct
EastKnown as Myrkvifiörd in Norse sagas, this firth has some iconic bridges.Firth of Forth
93%
EastLocation of Mugdrum Island.Firth of Tay
87%
WestTreated as two different bodies in Scottish Gaelic.Firth of Clyde
73%
EastLargest in Scotland.Moray Firth
73%
WestShared with England.Solway Firth
73%
EastIts entrance is guarded by the Sutors.Cromarty Firth
67%
EastThe Kessock Ferry crossed its eastern end for hundreds of years.Beauly Firth
60%
WestAdjoins Loch Lochy (amongst others).Firth of Lorn
60%
NorthStrait between Caithness and Hoy.Pentland Firth
60%
ShetlandSounds positively feline.Cat Firth
33%
EastIts road bridge is half a mile long.Dornoch Firth
33%
ShetlandMultiple locations with this name.Burra Firth/Burrafirth
13%
OrkneyNamed for the northern most isle of the Orkney archipelago.North Ronaldsay Firth
13%
WestInlet in the East Stewartry Coast National Scenic Area.Rough Firth
13%
OrkneyThe main village on the island it shares a name with is called Pierowall.Westray Firth
13%
OrkneyNamed for Orkney's "Island of Bays".Stronsay Firth
7%
ShetlandThis IS the most literal name of all, Effirth lies at its Western end.The Firth
7%
ShetlandJust the Outer Holm separates this from The Vadills.Uni(e) Firth
7%
ShetlandOn the west side of Yell, this sounds like it could have been named after large sea mammals.Whale Firth
7%
OrkneyWithin it lie the islands of Damsay and Holm of Grimbister.Bay of Firth
0%
ShetlandTwo places with this name in ShetlandCollafirth/Colla Firth
0%
EastNot shown on modern mapsFirth of Inverness
0%
ShetlandLoot be at the west end of this one.Firths Voe
0%
ShetlandSheltered by Cole Ness, Hill of Lee, Snelda Hill and Hill of VoxterGon Firth
0%
ShetlandCould be considered to sound quite lazy. This is on the eastern side of the mainland, between two Voes.Lax Firth
0%
ShetlandA sailor would pass Linga and travel inland through this firth to land at Voe.Olna Firth
0%
ShetlandIts Ness is also the location of Hoo Field.Quey Firth
0%
ShetlandShares its name with the settlement at its northern most end.Ura Firth
0%
OrkneyProbably one of the most literal names a firth, ferries travelling to the northern parts of the Orkney archipelago have to cross this one.Wide Firth
0%

Score Distribution

Percentile by Number Answered

Percent of People with Each Score

Your Score History

You have not taken this quiz